000 00402nam a22001697a 4500
005 20170703143936.0
008 170703b xxu||||| |||| 00| 0 eng d
020 _a978-1-107-62480-1
041 _aeng
082 _a595.7
100 _aCHAMPMAN, R.F
_93876
245 _aTHE INSECTS STRUCTURE AND FUNCTION
250 _a5TH
260 _bCAMBRIDGE UNIVERSITY PRESS
300 _a929p.
942 _cBK
999 _c5492
_d5490